000 00640nam a2200229 i 4500
001 C2-0174234
003 PPAK
005 20180728094416.0
008 980916s1985 my |||| ||||| | eng d
040 _aPPAK
_beng
_cPPAK
_erda
082 0 4 _a344.59504233
_2 23
090 0 0 _a344.59504233
_bMAL
_dR
110 2 _aMalaysia
245 0 0 _aAkta Dadah Berbahaya 1952 (Akta 234)
264 1 _aKuala Lumpur :
_bMalaysia Law Publishers Sdn. Bhd. ,
_c1985
300 _a51 pages ;
_c24 cm
336 _2rdacontent
_atext
337 _2rdamedia
_aunmediated
338 _2rdacarrier
_avolume
710 2 _aMalaysia
_eorganizer
942 _ddc
_cB
999 _c155279
_d155279